Billboard Hot 100 #1 Hits of 1999 - Statistics

General Stats
  • This quiz has been taken 8 times
  • The average score is 32 of 52
Answer Stats
Issue Date #1 Hit Artist % Correct
March 13 Believe Cher
100%
March 20 Believe Cher
100%
March 27 Believe Cher
100%
April 3 Believe Cher
100%
July 31 Genie in a Bottle Christina Aguilera
86%
August 7 Genie in a Bottle Christina Aguilera
86%
August 14 Genie in a Bottle Christina Aguilera
86%
August 21 Genie in a Bottle Christina Aguilera
86%
August 28 Genie in a Bottle Christina Aguilera
86%
October 23 Smooth Santana ft. Rob Thomas
86%
October 30 Smooth Santana ft. Rob Thomas
86%
November 6 Smooth Santana ft. Rob Thomas
86%
November 13 Smooth Santana ft. Rob Thomas
86%
November 20 Smooth Santana ft. Rob Thomas
86%
November 27 Smooth Santana ft. Rob Thomas
86%
December 4 Smooth Santana ft. Rob Thomas
86%
December 11 Smooth Santana ft. Rob Thomas
86%
December 18 Smooth Santana ft. Rob Thomas
86%
December 25 Smooth Santana ft. Rob Thomas
86%
May 8 Livin' la Vida Loca Ricky Martin
71%
May 15 Livin' la Vida Loca Ricky Martin
71%
May 22 Livin' la Vida Loca Ricky Martin
71%
May 29 Livin' la Vida Loca Ricky Martin
71%
June 5 Livin' la Vida Loca Ricky Martin
71%
April 10 No Scrubs TLC
71%
April 17 No Scrubs TLC
71%
April 24 No Scrubs TLC
71%
May 1 No Scrubs TLC
71%
January 30 ...Baby One More Time Britney Spears
57%
February 6 ...Baby One More Time Britney Spears
57%
July 17 Bills, Bills, Bills Destiny's Child
43%
October 9 Heartbreaker Mariah Carey ft. Jay-Z
43%
October 16 Heartbreaker Mariah Carey ft. Jay-Z
43%
June 12 If You Had My Love Jennifer Lopez
43%
June 19 If You Had My Love Jennifer Lopez
43%
June 26 If You Had My Love Jennifer Lopez
43%
July 3 If You Had My Love Jennifer Lopez
43%
July 10 If You Had My Love Jennifer Lopez
43%
January 2 I'm Your Angel R. Kelly & Céline Dion
43%
January 9 I'm Your Angel R. Kelly & Céline Dion
43%
September 18 Unpretty TLC
43%
September 25 Unpretty TLC
43%
October 2 Unpretty TLC
43%
September 4 Bailamos Enrique Iglesias
29%
September 11 Bailamos Enrique Iglesias
29%
January 16 Have You Ever? Brandy
29%
January 23 Have You Ever? Brandy
29%
July 24 Wild Wild West Will Smith ft. Dru Hill and Kool Moe Dee
29%
February 13 Angel of Mine Monica
14%
February 20 Angel of Mine Monica
14%
February 27 Angel of Mine Monica
14%
March 6 Angel of Mine Monica
14%
No matching quizzes found
Score Distribution
Percent of People with Each Score
Percentile by Number Answered
Your Score History
You have not taken this quiz